| 000 | 00668nam a2200229 a 4500 | ||
|---|---|---|---|
| 008 | |||
| 020 | _a0340531894 (pbk.) | ||
| 049 | _aMAIN | ||
| 090 | _aQH303 | ||
| 245 | 1 | 0 |
_aDiversity of organisms / _cedited by Caroline M. Pond. |
| 260 |
_aLondon : _bHodder and Stoughton, _c1990. |
||
| 300 |
_a204 p. : _bill. (some col.) ; _c26 cm. |
||
| 440 |
_aBiology : _bform and function. |
||
| 500 | _aIncludes index. | ||
| 504 | _aIncludes bibliographical references. | ||
| 650 | 1 | _aBiology. | |
| 907 |
_a.b10130354 _b29-09-05 _c09-07-04 |
||
| 003 | |||
| 005 | 20230123133754.0 | ||
| 040 | _cNUST | ||
| 942 |
_cBOOKS _kQH303 |
||
| 999 |
_c154363 _d154363 |
||